| 000 | 00651nam a2200217Ia 4500 | ||
|---|---|---|---|
| 008 | 131103s9999 xx 000 0 und d | ||
| 020 |
_a140059547 _c3.95 pds |
||
| 040 | _aLoreto College | ||
| 041 | _aEnglish | ||
| 082 |
_a891.431/KHA/891.5/KHA _bLCLIB/28464 |
||
| 245 | 4 |
_aThe Rubaiyat of Omar Khayyam _ctranslated by Peter Avery and John Heath - Stubbs |
|
| 260 |
_aHarmondsworth _bPenguin |
||
| 300 |
_a128 p. _c 23 cm. |
||
| 504 | _aIncludes bibliographical references | ||
| 630 | _aHindi Literature | ||
| 650 | _aKhayyam,Omar | ||
| 651 | _aCriticism and Interpretation | ||
| 700 | _aAvery,Peter,tr. | ||
| 850 | _aLCLIB | ||
| 942 | _cBK | ||
| 999 |
_c13518 _d63997 |
||